00567nam a2200157 a 45000010005000000030005000050050017000100080041000270400026000681100047000942450114001412600025002559420013002809990015002939520101003081976CDMR20151016134202.0130130s2001||||||||||||||||||||||||||||d aCDMRbcatcCPC LLEIDA1 9828aConsell de l'Audiovisual de Catalunya13aLa definició del model de servei públic al sector de l'audiovisualcConsell de l'Audiovisual de Catalunya aBarcelonac2001bCAC cMON2udc c1976d1976 00104070aLLEIDAbLLEIDAd2011-08-01l0o201ESTpLLEIDA1312613270r2013-01-16w2013-01-16yMON